Sports Quiz

Random Sports Quiz

Atlanta Hawks 2nd in Scoring Quiz Stats

 Plays Quiz not verified by Sporcle

Challenge
Share
Tweet
Embed
Score 0/22 Timer 08:00
0 Plays Today
Season Player % Correct
2010-11Josh Smith
98.5%
2007-08Josh Smith
98.5%
2006-07Josh Smith
98.5%
1996-97Steve Smith
98.5%
1994-95Steve Smith
98.5%
2011-12Joe Johnson
97%
1991-92Dominique Wilkins
86.4%
1997-98Dikembe Mutombo
81.8%
2008-09Mike Bibby
74.2%
1998-99Mookie Blaylock
72.7%
1995-96Mookie Blaylock
72.7%
Season Player % Correct
2003-04Jason Terry
65.2%
2001-02Jason Terry
65.2%
1992-93Kevin Willis
57.6%
2009-10Jamal Crawford
53%
1990-91Doc Rivers
50%
2002-03Glenn Robinson
43.9%
2004-05Antoine Walker
37.9%
1993-94Stacey Augmon
34.8%
2005-06Al Harrington
31.8%
1999-00Isaiah Rider
31.8%
2000-01Lorenzen Wright
6.1%

You're not logged in!

Compare scores with friends on all Sporcle quizzes.
Join for Free
OR
Log In

You Might Also Like...

Show Comments

Extras

Top Quizzes Today


Score Distribution

Your Account Isn't Verified!

In order to create a playlist on Sporcle, you need to verify the email address you used during registration. Go to your Sporcle Settings to finish the process.

Report this User

Report this user for behavior that violates our Community Guidelines.

Details: